Úspech podnikateľa závisí aj od interného "daniara"

Význam obsadenia funkcie daňového špecialistu firmy. Dôvody angažovania interného "daniara". Databanka vhodných uchádzačov. Kvalitatívne a kvalifikačné požiadavky na post daňového špecialistu firmy. Ťažisko pracovnej náplne. Pracovná motivácia daňových špecialistov.

Gespeichert in:
Bibliographische Detailangaben
1. Verfasser: Burák, Emil
Format: Buchkapitel
Sprache:Slowakisch
Schlagworte:
Tags: Tag hinzufügen
Keine Tags, Fügen Sie das erste Tag hinzu!

MARC

LEADER 00000naa a2200000 4500
001 r034680
005 20230926080820.0
041 0 |a slo 
044 |a SK 
245 1 0 |a Úspech podnikateľa závisí aj od interného "daniara"  |c Emil Burák 
520 |a Význam obsadenia funkcie daňového špecialistu firmy. Dôvody angažovania interného "daniara". Databanka vhodných uchádzačov. Kvalitatívne a kvalifikačné požiadavky na post daňového špecialistu firmy. Ťažisko pracovnej náplne. Pracovná motivácia daňových špecialistov. 
610 2 0 |a dane 
610 2 0 |a špecializácia práce 
610 2 0 |a poradcovia daňoví 
610 2 0 |a firmy 
610 2 0 |a personalistika 
610 2 0 |a výchova 
610 2 0 |a miesta pracovné 
610 2 0 |a motivácia 
100 1 |a Burák, Emil